000
00202 a2200097 4500
001
2864
100
_a
Dickens, C treasury
245
_a
Work of charles dirkens
260
_a
_b
_c
090
_c
2158
_d
2158
942
_a
NUST-CAE
_c
M
_c
12869
999
_c
237937
_d
237937